000 00290nam a22001217a 4500
008 181017b xxu||||| |||| 00| 0 eng d
041 _aeng
080 _a370
100 _a47
101 _aEDU
245 _aThe Writers Graft Hopwood Lectures 1965 81
_cMartin.R.A
942 _2udc
_cBK
999 _c49960
_d49960